| 000 | 00549nam a2200193Ia 4500 | ||
|---|---|---|---|
| 003 | IN-BaIIA | ||
| 008 | 211028s9999 xx 000 0 eng d | ||
| 040 | _cIIA Library | ||
| 080 |
_a52 _bGOR |
||
| 100 |
_aGore, John Ellard _91177 |
||
| 245 | 0 |
_aPlanetary and stellar studies _bor, short papers on the planets, stars, and nebulae - Primary _cJohn Ellard Gore |
|
| 260 |
_aLondon _bRoper and Drowley _c1888 |
||
| 300 | _a264p. | ||
| 650 | _aArchives | ||
| 650 |
_aNebulae _9976 |
||
| 650 |
_aPlanetary systems _9965 |
||
| 650 | _aStars | ||
| 942 | _cBK | ||
| 999 |
_c517 _d517 |
||